Statistics for They Shoot Pictures, Don't They? - films 341 to 360

Click here to take the quiz!

General Stats

  • This quiz has been taken 24 times
  • The average score is 7 of 20

Answer Stats

Answer% Correct
Amadeus
72%
Midnight Cowboy
72%
West Side Story
61%
Dog Day Afternoon
56%
Night of the Living Dead
50%
The Last Picture Show
44%
Yojimbo
44%
Marnie
33%
High and Low
28%
Written on the Wind
28%
Kiss Me Deadly
22%
Some Came Running
22%
The Double Life of Véronique
22%
Weekend
22%
The Quince Tree Sun
17%
A Touch of Zen
11%
Muriel, or The Time of Return
11%
Out 1, noli me tangere
11%
The Cloud-Capped Star
11%
West of the Tracks
11%

Score Distribution

Percentile by Number Answered

Percent of People with Each Score

Your Score History

You have not taken this quiz